000 00662cam a2200229 4500
008 000000n2000 000 0 eng u
020 _a1860814255
035 _a(Sirsi) u109690
050 _a690.2
110 _aBuilding Research Establishment
245 _aFive-storey timber-frame hall of residence a reconstruction case study.
260 _aLondon
_bCRC
_c2000
300 _a7p. ; 30cm.
490 _aBRE Information Paper
_vip 19/00
650 _aTIMBER-FRAME BUILDINGS
650 _aLISTED BUILDINGS
650 _aHALLS OF RESIDENCE
650 _aSTUDENT ACCOMMODATION
650 _aFIRE DAMAGE
690 _aBUILT ENVIRONMENT
942 _n0
999 _c100972
_d100972